000 00597cam a2200145 4500500
005 20251228082903.0
041 _afre
042 _adc
100 1 0 _aDecroisette, Françoise
_eauthor
245 0 0 _aIl San Gennesio di Rotrou a Bologna. Visioni del teatro celeste, a cura di Marco Lombardi, Firenze, Alinea Editrice, 2003. Un vol. 12 × 21,5 cm de 164 p.
260 _c2005.
500 _a35
786 0 _nDix-septième siècle | 227 | 2 | 2005-06-01 | p. 355f-376f | 0012-4273
856 4 1 _uhttps://shs.cairn.info/revue-dix-septieme-siecle-2005-2-page-355f?lang=fr&redirect-ssocas=7080
999 _c1599996
_d1599996